000 02750nac a2200301 a 4500
003 CO-PeBPM
005 20251009121009.0
008 251009s2024 ck |||| |||| 00| 0 spa d
020 _a9789585197947
040 _aCO-PeBPM
_bspa
_cCO-PeBPM
_erda
041 _aspa
082 0 4 _aCo863 L579b
_222
100 1 _aLeón, María Antonia
_d, 1985
_eautora
245 1 0 _aLos ballenas son más sutiles
_c/ María Antonia León
250 _aEdición especial
260 _aBogotá, Colombia
_b: Fondo de Cultura Económica
_c, 2024
300 _a97 páginas
_c21 centímetros
490 _aPlan Nacional de Lectura, Escritura y Oralidad / Ministerio de Cultura, Las Artes y los Saberes
500 _aIncluye índice
520 _aDos señoras nadan en una piscina pública que se ofrece como un útero. Una adolescente viaja a una ciudad con atardecer. Una madre decide investigar el suicidio de su amiga. Una niña lucha por mejorar en matemáticas usando mecanismos de tortura. Una anciana narra la muerte de su hermana con detalles milagrosos. Una joven bucea en el naufragio de un barco que la seduce. Una mujer abandona a su novio violento para buscar el origen de su depravación. Una esposa termina enjaulada en su propia luna de miel. Estos ocho cuentos exploran la imagen del hundimiento cuerpos convexos y paisajes cóncavos, almas desborranendas y corazones martillados en un mortero, mujeres que toman dolorosas decisiones de supervivencia. Escritos en más de una docena de años, son auto- ficciones de su autora: relatos que deforman la realidad para ver con un ojo más sensible las violencias contra las mujeres, atestiguadas y vividas, como un vestigio que miramos desde adentro. Maria Antonia León (Manizales, 1985). Feminista y escritora. Autora de las obras El aparato que late (2021). El oráculo térmico (2023), que recibió el VI Premio Bienal de Novela Corta Roberto Burgos Cantor, y Las ballenas son más sutiles (2024), que obtuvo el Premio Nacional de Libro de Cuentos Inédito Escrito por Mujeres del Ministerio de las Culturas de Colombia. Textos suyos también han sido publicados en revistas, perió dicos y antologias de cuento, crónica y poesía. Es comunicadora social de la Universidad Santo Tomás y magíster en escrituras creativas de la Universidad Nacional de Colombia. Se ha desempeñado como periodista. docente, astróloga y editora literaria.
521 _aRecomendado para jóvenes y adultos
650 1 4 _aCuentos colombianos - Siglo XXI
_2LEMB
650 1 4 _aLiteratura colombiana - Siglo XXI
_2LEMB
650 1 4 _aMujeres en la literatura
_2LEMB
650 1 4 _aViolencia de género
_2LEMB
942 _2ddc
_cBK
_n0
999 _c61298
_d61298